000 00441nam a2200157Ia 4500
008 230917s9999||||xx |||||||||||||| ||und||
040 _e30650
_aMAIN
041 _aEnglish
082 _a343.3 T155T
100 _aTandon, O C
245 0 _aTaxation's: Mini direct taxes ready reckoner 1995-96, 1996-97, 1997-98, 1998-99 & 1999-2000
250 _a7th ed.
260 _aNew Delhi
_bShri B B Bhargava
_c1998
300 _a220 p.
942 _cBK
999 _c80745
_d80745